| 000 | 00428nam a2200169Ia 4500 | ||
|---|---|---|---|
| 003 | GCL | ||
| 008 | 140319s9999 xx 000 0 eng d | ||
| 040 |
_aGCL / _cGCL |
||
| 082 | 0 | 4 |
_a532.5 _bR H |
| 100 | 1 | _aRAISINGHANIA, M.D. | |
| 245 | 1 | 0 |
_aHYDRODYNAMICS / _cRAISINGHANIA, M.D. |
| 260 |
_a[S.N] : _bS. CHAND & COMPANY LTD ، _c1995 |
||
| 300 | _a756 P | ||
| 650 | 0 | 4 | _aHYDROLOGY |
| 650 | 0 | 4 | _aHYDRODYNAMICS |
| 942 |
_2ddc _cBK |
||
| 999 |
_c10621 _d10621 |
||